| 000 | 00764nam a2200241Ia 4500 | ||
|---|---|---|---|
| 003 | OSt | ||
| 005 | 20220923211515.0 | ||
| 006 | a|||||r|||| 00| 0 | ||
| 007 | ta | ||
| 008 | Pun | ||
| 020 |
_a9789380427119 (hbk) _c200 |
||
| 024 | _a280,746 | ||
| 037 |
_b809, 09/03/2014, H.K. Prakashan _cTextual |
||
| 040 |
_aARTS _cARTS _bPun |
||
| 041 |
_2Pun _aPun |
||
| 082 | _az, 153Q0 | ||
| 100 |
_aਸੁੱਨੜ, ਸੁਰਿੰਦਰ ਸਿੰਘ _9156370 |
||
| 245 | 0 | _aਆਪਣਾ ਅਤੀਤ | |
| 260 |
_aਜਲੰਧਰ _b ਸੁੰਦਰ ਬੁੱਕ ਡਿਪੋ _c2010 |
||
| 300 |
_a184ਪੰ _ccm. |
||
| 942 |
_hz, 153Q0 _cTEXL _2CC |
||
| 999 |
_c300243 _d300243 |
||